000 00923cam a22002652 4500
001 0000002622
005 20151217151900.0
008 070417s xx 000 0 eng d
020 _a031217893X :
040 _aKABU
_cKABU
050 0 _aPE1417
_b.B37 1999
100 1 _aBartholomae, David.
_@0000152056
245 1 0 _aWays of reading :
_ban anthology for writers /
_cDavid Bartolomae, Anthony Petrosky.
250 _a5th ed.
260 _aBoston :
_bBedford/St. Martin's,
_cc1999.
300 _axxi, 903 p. :
_bill. ;
_c24 cm.
504 _aIncludes bibliographical references.
650 0 _aCollege readers.
_@0000152057
650 0 _aEnglish language
_xRhetoric
_xProblems, exercises, etc.
_@0000152058
650 0 _aReport writing
_xProblems, exercises, etc.
_@0000152059
700 1 _aPetrosky, Anthony.
_@0000152060
908 _a070417
950 _@1
999 _c5945
_d5945